000
00296nam a22000977a 4500
008
231208b |||||||| |||| 00| 0 eng d
020
_a
9789355559708
100
_a
MTG
_9
7733
245
_a
MTG CBSE BOARD EXAM 2023-2024 SCORE MORE 15 SAMPLE PAPERS-MATHEMATICS-CLASS-10
260
_a
New Delhi
_b
MTG
_c
2023
999
_c
12507
_d
12507